| 000 | 01692pam a22003974a 4500 | ||
|---|---|---|---|
| 001 | 13028218 | ||
| 003 | ARRUPE | ||
| 005 | 20140205170738.0 | ||
| 008 | 021211s2003 miu b 101 0 eng | ||
| 010 | _a 2002117172 | ||
| 020 | _a0970610653 | ||
| 035 | _a(DLC) 2002117172 | ||
| 040 |
_aDLC _cDLC _dDLC |
||
| 042 | _apcc | ||
| 050 | 0 | 0 |
_aHD6338 _b.W725 2003 |
| 245 | 0 | 0 |
_aWork & human fulfillment / _cedited by Edmond Malinvaud and Margaret S. Archer. |
| 246 | 3 | _aWork and human fulfillment | |
| 260 |
_aYpsilanti, Mich. : _bSapientia Press of Ave Maria College, _cc2003. |
||
| 300 |
_avii, 329 p. ; _c29 cm. |
||
| 500 | _a"Pontifical Academy of the Social Sciences." | ||
| 500 | _aExtracts from papers presented at three plenary sessions, held in 1996, 1997, and 1999 by the Pontifical Academy of the Social Sciences, along with other related studies. | ||
| 504 | _aIncludes bibliographical references (p. 303-39) and index. | ||
| 650 | 0 |
_aChurch and labor _vCongresses. _98057 |
|
| 650 | 0 |
_aGlobalization _xEconomic aspects _vCongresses. _98058 |
|
| 650 | 4 |
_aLabor policy _vCongresses. _98059 |
|
| 650 | 0 |
_aIndustrial relations _vCongresses. _98060 |
|
| 650 | 0 |
_aQuality of work life _vCongresses. _98061 |
|
| 650 | 0 |
_aWork _xSocial aspects _vCongresses. _98062 |
|
| 700 | 1 |
_aMalinvaud, Edmond. _98063 |
|
| 700 | 1 |
_aArcher, Margaret Scotford. _98064 |
|
| 710 | 2 |
_aPontificia Accademia delle scienze sociali. _98065 |
|
| 856 | 4 | 1 |
_3Table of contents _uhttp://www.loc.gov/catdir/toc/fy044/2002117172.html |
| 906 |
_a7 _bcbc _corignew _d2 _eepcn _f20 _gy-gencatlg |
||
| 942 |
_2lcc _cMONOGRAPH |
||
| 999 |
_c119969 _d119969 |
||